000 00277nam a22001337a 4500
008 210310b ||||| |||| 00| 0 eng d
041 _aeng
080 _a82
082 _a82
100 _a22
101 _aGJL
245 _aThe Elements of Style
_cStrunk,W
942 _2udc
_cBK
999 _c56121
_d56121